| 000 | 01308nam a2200301 c 4500 | ||
|---|---|---|---|
| 001 | 190545 | ||
| 003 | SpMaBN | ||
| 005 | 20250807075202.0 | ||
| 008 | 210820s2019 sp 001 m spa | ||
| 020 | _a978-84-17707-79-8 | ||
| 080 | _a821.134.2-14"19" | ||
| 080 | _a821.134.2-84"19" | ||
| 080 | _a821.134.2-193.3(082.2) | ||
| 100 | 1 |
_aPara Rodríguez-Santana, Ignacio. _9156265 |
|
| 245 | 1 | 0 |
_aSonetos y pensamientos : _bel sentido de la vida / _cIgnacio Para Rodríguez-Santana ; prólogo de Ramón Tamames ; [epílogo, Salvador Arribas Valiente]. |
| 260 |
_aMadrid : _bLiberfactory, _c[2019] |
||
| 300 |
_a177 p. ; _c21 cm. |
||
| 505 | 8 | _aContiene: Mis sonetos . Dos sonetos de mi amigo Salvador . Sonetos elegidos del Siglo de Oro español y posteriores . Aforismos y pensamientos | |
| 650 | 4 |
_aSonetos españoles. _917229 |
|
| 650 | 7 |
_aPoesías españolas _2embne _916214 |
|
| 700 | 1 |
_aTamames, Ramón, _d1933- _9237391 |
|
| 700 | 1 |
_aArribas Valiente, Salvador. _9173380 |
|
| 852 | 4 |
_aES-MaACL _jA-14752 _9197723 _bR.152767 _cDEPO1 _dOlim: N-7752 _g Dedicatoria autógrafa del autor _hDonación: Ignacio Para Rodríguez-Santana |
|
| 903 |
_9156265 _aPara Rodríguez-Santana, Ignacio _ednr |
||
| 942 |
_2udc _cMONOGRAFIA |
||
| 999 |
_c190545 _d190545 |
||